[Event "Zuerich Seniors op 05th"]
[Site "Zuerich"]
[Date "2007.01.30"]
[Round "7"]
[White "Fleischer, Eugen"]
[Black "Hertli, Juerg"]
[Result "0-1"]
[WhiteElo "1867"]
[BlackElo "2020"]
[PlyCount "126"]
[EventDate "2007.01.22"]
[EventType "swiss"]
[EventRounds "9"]
[EventCountry "SUI"]
[SourceTitle "EXT 2022"]
[Source "ChessBase"]
[SourceDate "2021.10.06"]
[SourceVersion "1"]
[SourceVersionDate "2021.10.06"]
[SourceQuality "1"]

1. Nf3 c5 2. c4 Nf6 3. g3 d5 4. cxd5 Nxd5 5. Bg2 Nc6 6. 0-0 e5 7. d3 Be7 8. Nc3 Be6 9. Bd2 0-0 10. Rb1 Rc8 11. a3 f6 12. e3 Qd7 13. Qe2 Nb6 14. Rfc1 Rfd8 15. Ne1 c4 16. d4 exd4 17. Bxc6 Rxc6 18. exd4 Qxd4 19. Be3 Qe5 20. Nf3 Qh5 21. Nd4 Qxe2 22. Ncxe2 Rcd6 23. Nf4 Bd7 24. b4 g5 25. Ng2 Kf7 26. Ne2 Bf5 27. Ra1 Nc8 28. h4 b5 29. Nc3 a6 30. a4 Bd7 31. axb5 axb5 32. hxg5 fxg5 33. Ne4 Rd5 34. Nc5 Be8 35. Ne1 Bf6 36. Ra6 R8d6 37. Ra8 Ne7 38. Ne4 Rc6 39. Nxf6 Rxf6 40. Bc5 Nc6 41. Ng2 Nd4 42. Ra7+ Kg6 43. Re7 Bc6 44. Ra1 Nb3 45. Raa7 Rd1+ 46. Kh2 Bxg2 47. Kxg2 Nxc5 48. bxc5 Rd2 49. Rg7+ Kh5 50. Kh3 Rfxf2 51. Rxh7+ Kg6 52. Rhg7+ Kf6 53. Rgf7+ Ke6 54. Rg7 c3 55. Kg4 Rd4+ 56. Kxg5 Rf5+ 57. Kh6 c2 58. Rge7+ Kd5 59. Ra1 Rf6+ 60. Kg5 Rc6 61. Kf5 b4 62. Re5+ Kc4 63. g4 Rd1 0-1

[Event "Wil"]
[Site "Wil"]
[Date "1998.??.??"]
[Round "?"]
[White "Faessler, Peter"]
[Black "Hertli, Juerg"]
[Result "0-1"]
[WhiteElo "1900"]
[BlackElo "2050"]
[PlyCount "52"]
[EventDate "1998.08.03"]
[EventType "tourn"]
[EventRounds "7"]
[EventCountry "SUI"]
[SourceTitle "EXT 2000"]
[Source "ChessBase"]
[SourceDate "1999.11.16"]
[SourceVersion "1"]
[SourceVersionDate "1999.11.16"]
[SourceQuality "1"]

1. e4 Nf6 2. e5 Nd5 3. d4 d6 4. f4 dxe5 5. fxe5 Bf5 6. a3 e6 7. Nf3 Bg4 8. Be2 Be7 9. 0-0 Nc6 10. Nbd2 Ne3 11. Qe1 Bxf3 12. Bxf3 Nxc2 13. Bxc6+ bxc6 14. Qe4 Nxa1 15. Qxc6+ Kf8 16. Qxe6 Qxd4+ 17. Kh1 f6 18. Nf3 Qd3 19. Nd2 Qg6 20. exf6 Bxf6 21. Nf3 Re8 22. Qc4 Qc2 23. Qf4 Qd3 24. Kg1 Nb3 25. Qxc7 Nxc1 26. Qxc1 Qe3+ 0-1

[Event "Wil"]
[Site "Wil"]
[Date "1998.??.??"]
[Round "?"]
[White "Hertli, Juerg"]
[Black "Freuler, Roman"]
[Result "1/2-1/2"]
[WhiteElo "2050"]
[BlackElo "1930"]
[PlyCount "144"]
[EventDate "1998.08.03"]
[EventType "tourn"]
[EventRounds "7"]
[EventCountry "SUI"]
[SourceTitle "EXT 2000"]
[Source "ChessBase"]
[SourceDate "1999.11.16"]
[SourceVersion "1"]
[SourceVersionDate "1999.11.16"]
[SourceQuality "1"]

1. e4 c5 2. b3 Nc6 3. Bb2 e6 4. Bb5 a6 5. Bxc6 bxc6 6. e5 a5 7. a4 Ne7 8. d3 Nf5 9. Nf3 h5 10. Nbd2 Be7 11. Bc3 Ba6 12. Ne4 Qb6 13. 0-0 0-0 14. Qe1 Bb7 15. Nfd2 Bd8 16. Nc4 Qa7 17. Qd1 h4 18. f4 Ba6 19. Rf3 Bxc4 20. dxc4 Be7 21. Rh3 Qc7 22. Qg4 g6 23. Rd1 Kg7 24. Rhd3 Rfd8 25. Qe2 Nd4 26. Bxd4 cxd4 27. Rxd4 Ra7 28. R4d3 Rb7 29. h3 Rbb8 30. Kh2 Rb7 31. R1d2 Ra7 32. Qg4 Qc8 33. Nd6 Bxd6 34. Rxd6 Rh8 35. Qg5 Rh5 36. Qg4 Rh8 37. R2d4 Rc7 38. Qd1 Rd8 39. Kg1 Qb7 40. Qd2 Qa7 41. Kf2 Rb7 42. Kf3 Rc7 43. Kg4 Rh8 44. Qd1 Rh5 45. Kf3 Rf5 46. Qe1 Qc5 47. Qe3 g5 48. Re4 Qxe3+ 49. Kxe3 gxf4+ 50. Kf3 Kg6 51. Kg4 Rg5+ 52. Kxf4 Rxg2 53. Rd1 Rg3 54. Re3 Rxe3 55. Kxe3 Kf5 56. Rf1+ Kxe5 57. Rxf7 Rc8 58. Rh7 d5 59. Rxh4 Rg8 60. cxd5 cxd5 61. Rg4 Rf8 62. c3 Rc8 63. Kd3 Rf8 64. Ke3 Rc8 65. c4 Rb8 66. cxd5 Rxb3+ 67. Kd2 Rxh3 68. dxe6 Kxe6 69. Rg5 Kd6 70. Rxa5 Kc6 71. Kc2 Kb6 72. Rb5+ Ka6 1/2-1/2